| 000 | 01084pam a2200361 a 4500 | ||
|---|---|---|---|
| 001 | 4336 | ||
| 003 | FISKH | ||
| 005 | 20250911113707.0 | ||
| 008 | 910321r19921970nyua j 000 1 eng | ||
| 010 | _a 91012265 | ||
| 020 | _a0060223294 : | ||
| 020 | _a046594003997 | ||
| 020 | _a0060223308 (lib. bdg.) | ||
| 040 |
_aDLC _cDLC _dDLC _beng |
||
| 050 | _aPZ10.H646 | ||
| 082 | _a813.54 | ||
| 100 | 1 | _aHoban, Russell. | |
| 245 | 1 | 2 |
_aA bargain for Frances / _cby Russell Hoban ; pictures by Lillian Hoban. |
| 250 | _aThis edition published in 1992 | ||
| 260 |
_aNew York : _bHarper Collins, _c1970 |
||
| 300 |
_a62 pages : _bcolor illustrations ; _c22 cm |
||
| 440 | 3 | _aAn I can read book | |
| 505 | _aJ | ||
| 520 | _aFrances foils Thelma's plot to trick her out of a new china set. | ||
| 521 | 8 |
_a470
_bLexile |
|
| 521 | 8 |
_aJ
_bRaz-Plus |
|
| 650 | 1 |
_aBadgers _xFiction. |
|
| 650 | 1 |
_aFriendship _xFiction. |
|
| 700 | 1 |
_aHoban, Lillian, _eillustrator |
|
| 906 |
_a7 _bcbc _corignew _d1 _eocip _f19 _gy-gencatlg |
||
| 942 |
_2ddc _cBK _n0 |
||
| 999 |
_c4336 _d4336 |
||